[Event "GRE-chT 43rd"]
[Site "Porto Rio"]
[Date "2015.10.08"]
[Round "1.2"]
[White "Tsolakidou, Stavroula"]
[Black "Karamitani, Angela"]
[Result "1-0"]
[WhiteElo "2279"]
[BlackElo "1351"]
[PlyCount "103"]
[EventDate "2015.10.08"]
[EventType "team-swiss"]
[EventRounds "7"]
[EventCountry "GRE"]
[SourceTitle "CBM 168 Extra"]
[Source "ChessBase"]
[SourceDate "2015.10.29"]
[SourceVersion "1"]
[SourceVersionDate "2015.10.29"]
[SourceQuality "1"]
[WhiteTeam "Kavalas"]
[BlackTeam "Florinas OP"]
[WhiteTeamCountry "GRE"]
[BlackTeamCountry "GRE"]

1. e4 c5 2. Nf3 e6 3. d4 cxd4 4. Nxd4 Nf6 5. Nc3 Nc6 6. a3 d5 7. exd5 exd5 8. Bb5 Bd7 9. 0-0 Be7 10. h3 0-0 11. Be3 Nxd4 12. Qxd4 Bxb5 13. Nxb5 a6 14. Nc3 Qd7 15. Rfd1 Rfd8 16. Qd3 Qe6 17. Bd4 Ne8 18. Re1 Qd6 19. Nxd5 Bf6 20. Nxf6+ Nxf6 21. c3 Re8 22. Qf3 Qd5 23. Qg3 Nh5 24. Qg4 g6 25. Rad1 Qb5 26. b4 a5 27. Qf3 Rab8 28. Kh1 Qa4 29. g4 Ng7 30. Kg1 Ne6 31. Be5 Ng5 32. Qd3 Rbc8 33. f4 Ne6 34. Ra1 Rcd8 35. Qe3 Qb5 36. Rad1 Rd5 37. Rxd5 Qxd5 38. Bf6 axb4 39. axb4 Qc6 40. Qe4 Nc7 41. Qxc6 Rxe1+ 42. Kf2 bxc6 43. Kxe1 Nd5 44. Be5 f6 45. Bd4 Nxf4 46. Bxf6 Nxh3 47. Ke2 Kf7 48. Be5 Ke6 49. Bg3 Ng5 50. Ke3 Kd5 51. Kd3 Ne6 52. c4# 1-0